01339nam a2200241 a 450000100100000000500170001000800410002702000150006804000250008308200160010810000340012424500890015826000360024730000200028361000430030365000460034695201280039295201280052095201280064895201870077695201190096399900150108200000168020240306115517.0090625s2004 dr 000 0 spa d a999347925X aDO-SdBNPbspacBNPHU axxxxbH558b1 aHernández, P. Jesús9546500aBiblioteca Antillense Salesiana (BAS) :bpuntualizaciones /cP. Jesús Hernández. aSanto Domingo :bBúho,c2004. a97 p. ;c22 cm.20aBiblioteca Antillense Salesiana 954664 aBibliotecaszRepública Dominicana95467 001054708DSaGRbGRcHDd2011-05-18iLF1l0oxxxx H558bp1680-30r2020-06-25te. 3w2020-06-25yLFDSZPréstamo en sala 001054708DSaGRbGRcHDd2011-05-18iLF1l0oxxxx H558bp1680-40r2020-06-25te. 4w2020-06-25yLFDSZPréstamo en sala 001054708DSaGRbGRcHDd2011-05-18iLF1l0oxxxx H558bp1680-50r2020-06-25te. 5w2020-06-25yLFDSZPréstamo en sala 0010718PDaPDbPDcHDd2009-06-25iLF1l0oxxxx H558bp1680-10r2020-06-25w2020-06-25yLFPDzPerteneció a la biblioteca personal de Juan Isisdro Jimenes Grullón.ZNo se presta 0010718PDaPDbPDcHDd2009-06-25iLF1l0oxxxx H558bp1680-20r2020-06-25te. 2w2020-06-25yLFPDZNo se presta c1561d1561